000 00520nam a22001937a 4500
003 KOHA_MİRAKIL
005 20251002160615.0
008 251002b tu ||||| |||| 00| 0 tur d
020 _a9789750760099
040 _aTR-AnABB
_btur
_cTR-AnABB
041 _atur
082 _a813.42
_bTUN 2023
100 1 _aTunç, Ayfer,
245 1 0 _aKuru kız /
_cAyfer Tunç
260 _aİstanbul :
_bCan Sanat Yayınları,
_c2023
300 _a216 sayfa ;
_c21 cm
650 0 4 _aTürk edebiyatı, roman
942 _2ddc
_cBK
999 _c9050
_d9050
900 _bGizem YORULMAZ